Reptiles / (Record no. 2867)

MARC details
000 -LEADER
fixed length control field 01048nam a22002897a 4500
001 - CONTROL NUMBER
control field 2867
003 - CONTROL NUMBER IDENTIFIER
control field FISKH
005 - DATE AND TIME OF LATEST TRANSACTION
control field 20240119112432.0
008 - FIXED-LENGTH DATA ELEMENTS--GENERAL INFORMATION
fixed length control field 240119b cb ||||| |||| 00| 0 eng d
020 ## - INTERNATIONAL STANDARD BOOK NUMBER
International Standard Book Number 9781877435560
040 ## - CATALOGING SOURCE
Language of cataloging eng
Transcribing agency FISKH
Original cataloging agency FISKH
Modifying agency FISKH
050 ## - LIBRARY OF CONGRESS CALL NUMBER
Classification number PZ7
082 ## - DEWEY DECIMAL CLASSIFICATION NUMBER
Classification number 428.6
100 ## - MAIN ENTRY--PERSONAL NAME
Personal name Holden, Pam
245 ## - TITLE STATEMENT
Title Reptiles /
Statement of responsibility, etc. Holden, Pam
250 ## - EDITION STATEMENT
Edition statement First published in 2008
260 ## - PUBLICATION, DISTRIBUTION, ETC.
Place of publication, distribution, etc. New Zeland :
Name of publisher, distributor, etc. Red Pocket Readers,
Date of publication, distribution, etc. 2008
300 ## - PHYSICAL DESCRIPTION
Extent 16 pages :
Other physical details color illustrations ;
Dimensions 21 cm
490 ## - SERIES STATEMENT
Series statement Red Rocket Readers
505 ## - FORMATTED CONTENTS NOTE
Formatted contents note S <br/>
520 ## - SUMMARY, ETC.
Summary, etc. Reptiles are a very old group of animals that have been on Earth from the time of the most famous reptiles, dinosaurs. Which reptiles are living nowadays? Do you know how they are different from mammals, or birds, or fish, or insects? Read to find out some more facts about reptiles.
521 8# - TARGET AUDIENCE NOTE
Target audience note 810 <br/>
Source Lexile <br/>
521 8# - TARGET AUDIENCE NOTE
Target audience note S
Source Raz-Plus <br/>
650 ## - SUBJECT ADDED ENTRY--TOPICAL TERM
Source of heading or term Animals Species
Form subdivision Juvenile Literature
651 ## - SUBJECT ADDED ENTRY--GEOGRAPHIC NAME
Geographic name Science
Form subdivision Nonfiction
942 ## - ADDED ENTRY ELEMENTS (KOHA)
Source of classification or shelving scheme Dewey Decimal Classification
Koha item type Books
Suppress in OPAC No
Holdings
Withdrawn status Lost status Source of classification or shelving scheme Damaged status Not for loan Collection Home library Current library Shelving location Date acquired Total Checkouts Full call number Barcode Date last seen Price effective from Koha item type
    Dewey Decimal Classification     Non-Fiction Footprints International School Library Network Toul Tom Poung Campus Footprints International School Library Network Toul Tom Poung Campus TTP Secondary Non-Fiction Bookshelves 01/19/2024   HOL 428.6 FISTK04142 01/19/2024 01/19/2024 Books